书目信息 |
| 题名: |
计算机应用能力考核试题汇解
|
|
| 作者: | ;杭州师范学院计算机教育与应用研究所 编 | |
| 分册: | ||
| 出版信息: | 1997.12 |
|
| 页数: | 212页 | |
| 开本: | 26cm | |
| 丛书名: | ||
| 单 册: | ||
| 中图分类: | TP39-44 | |
| 科图分类: | ||
| 主题词: | 计算机应用 | |
| 电子资源: | ||
| ISBN: | 7-80139-161-6 | |
| 000 | 00709nam0 2200181 45 | |
| 001 | 0264165512 | |
| 005 | 2002062417492544 | |
| 010 | @a7-80139-161-6@dRMB 15.00 | |
| 100 | @a20020624d1997 km y0chiy0120 ea | |
| 101 | 0 | @achi |
| 200 | 1 | @a计算机应用能力考核试题汇解@AJi Suan Ji Ying Yong Neng Li Kao He Shi Ti Hui Jie@f杭州师范学院计算机教育与应用研究所编@FHang Zhou Shi Fan Xue Yuan Ji Suan Ji Jiao Yu Yu Ying Yong Yan Jiu Suo Bian |
| 210 | @d1997.12 | |
| 215 | @a212页@d26cm | |
| 606 | 0 | @a计算机应用 |
| 690 | @aTP39-44@v3 | |
| 711 | 0 | @a杭州师范学院计算机教育与应用研究所@AHang Zhou Shi Fan Xue Yuan Ji Suan Ji Jiao Yu Yu Ying Yong Yan Jiu Suo@4编 |
| 801 | 0 | @aCN@bPFT@c20020624 |
| 905 | @a安徽大学@dTP39-44@eH801 | |
| 计算机应用能力考核试题汇解/杭州师范学院计算机教育与应用研究所编.-1997.12 |
| 212页;26cm |
| ISBN 7-80139-161-6:RMB 15.00 |
| ● |
| 相关链接 |
|
|
|
正题名:计算机应用能力考核试题汇解
索取号:TP39-44/H801
 
预约/预借
| 序号 | 登录号 | 条形码 | 馆藏地/架位号 | 状态 | 备注 |
| 1 | 206247 | 202062472 | 期刊室512/301自科库 60排1列3层/ [索取号:TP39-44/H801] | 在馆 | |
| 2 | 206248 | 202062481 | 期刊室512/301自科库 60排1列3层/ [索取号:TP39-44/H801] | 在馆 |